KOHA-Header-6

Assembly Language For Intel Based Computers (Record no. 8849)

000 -LEADER
fixed length control field 00258nam a2200109Ia 4500
020 ## - INTERNATIONAL STANDARD BOOK NUMBER
ISBN 978-0130910134
100 ## - MAIN ENTRY--AUTHOR NAME
Personal name Kip R.Irvine
245 #0 - TITLE STATEMENT
Title Assembly Language For Intel Based Computers
260 ## - PUBLICATION, DISTRIBUTION, ETC. (IMPRINT)
Place of publication Canada
Name of publisher Prentice Hall
Year of publication 2015
300 ## - PHYSICAL DESCRIPTION
Number of Pages 384
942 ## - ADDED ENTRY ELEMENTS (KOHA)
Koha item type Books
Holdings
Withdrawn status Lost status Collection code Permanent Location Current Location Shelving location Date acquired Full call number Accession Number Koha item type
    Computer Science MAJU MAJU Shelf No.B23 2019-09-14 895 3910 Computer Science

Powered by Koha